Statistics for guess the color

Click here to take the quiz!

General Stats

  • This quiz has been taken 27 times
  • The average score is 11 of 14

Answer Stats

Answer% Correct
blue
100%
green
100%
yellow
96%
black
91%
purple
91%
red
91%
white
87%
gray
83%
pink
83%
brown
74%
orange
65%
violet
35%
light green
30%
light blue
26%

Score Distribution

Percentile by Number Answered

Percent of People with Each Score

Your Score History

You have not taken this quiz